ပုဂံခရီးသည် / (Record no. 17433)

000 -LEADER
fixed length control field 00738nam a2200217Ia 4500
003 - CONTROL NUMBER IDENTIFIER
control field OSt
005 - DATE AND TIME OF LATEST TRANSACTION
control field 20250217143022.0
007 - PHYSICAL DESCRIPTION FIXED FIELD--GENERAL INFORMATION
fixed length control field ca aa aaaaa
008 - FIXED-LENGTH DATA ELEMENTS--GENERAL INFORMATION
fixed length control field 201103s9999 xx 000 0 und d
040 ## - CATALOGING SOURCE
Transcribing agency SSBUL
041 ## - LANGUAGE CODE
Language code of text/sound track or separate title bur
082 ## - DEWEY DECIMAL CLASSIFICATION NUMBER
Classification number ၂၉၄.၃၄၃၅၀၉
Item number ပါ
100 ## - MAIN ENTRY--PERSONAL NAME
Personal name ပါရဂူ
245 10 - TITLE STATEMENT
Title ပုဂံခရီးသည် /
Statement of responsibility, etc. ပါရဂူ။
250 ## - EDITION STATEMENT
Edition statement ဒုတိယအကြိမ်။
260 ## - PUBLICATION, DISTRIBUTION, ETC.
Place of publication, distribution, etc. ရန်ကုန် ၊
Name of publisher, distributor, etc. စိတ်ကူးချိုချိုစာပေ၊
Date of publication, distribution, etc. ၂၀၀၈။
300 ## - PHYSICAL DESCRIPTION
Extent ၃၃၈ စာမျက်နှာ ၊
Other physical details ဓာတ်ပုံများ ၊
Dimensions ၂၁စင်တီ။
942 ## - ADDED ENTRY ELEMENTS (KOHA)
Koha item type Books (Long term)
Source of classification or shelving scheme
Source of classification or shelving scheme
Source of classification or shelving scheme
Holdings
Withdrawn status Lost status Source of classification or shelving scheme Damaged status Not for loan Collection code Permanent Location Current Location Shelving location Date acquired Total Checkouts Full call number Barcode Date last seen Price effective from Koha item type Accession
          Myanmar Collection Shan State Buddhist University Library Shan State Buddhist University Library Myanmar Shelves 15/02/2023   ၂၉၄.၃၄၃၅၀၉ ပါ ၁၀၂၇၈ MB00010278 15/02/2023 15/02/2023 Books (Long term) ၁၀၂၇၈

Library - 09407999929
Admin Office - 09407999979
Dean Office - 09250910768
Registrar Office - 09892297154
Email - [email protected]
Shan State Buddhist University, Phaya Phyu Taunggyi, Shan State, Myanmar.